| 000 -LEADER |
| fixed length control field |
00524cam a22001577a 4500 |
| 008 - FIXED-LENGTH DATA ELEMENTS--GENERAL INFORMATION |
| fixed length control field |
180718b2014 xxu||||| |||| 00| 0 eng d |
| 020 ## - INTERNATIONAL STANDARD BOOK NUMBER |
| International Standard Book Number |
9781784412906 |
| 082 ## - DEWEY DECIMAL CLASSIFICATION NUMBER |
| Classification number |
I51 L522 |
| 245 ## - TITLE STATEMENT |
| Title |
Physicality of leadership : gesture, entanglement, taboo, possibilities |
| Statement of responsibility, etc. |
edited by Donna Ladkin and Steven S. Taylor |
| 260 ## - PUBLICATION, DISTRIBUTION, ETC. |
| Place of publication, distribution, etc. |
UK |
| Name of publisher, distributor, etc. |
Emerald |
| Date of publication, distribution, etc. |
2014 |
| 300 ## - PHYSICAL DESCRIPTION |
| Extent |
256p. |
| 500 ## - GENERAL NOTE |
| General note |
vol.6:monographs in leadership and management |
| 650 ## - SUBJECT ADDED ENTRY--TOPICAL TERM |
| Topical term or geographic name entry element |
Body language |
| 650 ## - SUBJECT ADDED ENTRY--TOPICAL TERM |
| Topical term or geographic name entry element |
Leadership |
| 700 ## - ADDED ENTRY--PERSONAL NAME |
| Personal name |
Ladkin, Donna and Taylor, Steven S. |